000
nam a22 7a 4500
999
_c
232781
_d
232781
003
Nust
005
20170223120918.0
008
170223b xxu||||| |||| 00| 0 eng d
040
_c
DLC
082
_a
891.4391 GHA
245
_a
دیوان غالب
_c
غالب ،اسد اللہ خان
260
_a
Lahore :
_c
2009
300
_a
283p. :
_b
26cm
942
_2
ddc
_c
BK